Comisión Nacional de Mercadeo Agropecuario
সংরক্ষণ করুন:
| সংস্থা লেখক: | |
|---|---|
| বিন্যাস: | পাঠ্য |
| প্রকাশিত: |
San José:
La Oficina
|
| ট্যাগগুলো: |
ট্যাগ যুক্ত করুন
কোনো ট্যাগ নেই, প্রথমজন হিসাবে ট্যাগ করুন!
|
MARC
| LEADER | 00000 a a2200000 04500 | ||
|---|---|---|---|
| 001 | 15322 | ||
| 003 | |||
| 040 | |||
| 090 | |a 026100 | ||
| 110 | |a Costa Rica. Oficina de Planificación Sectorial Agropecuaria | ||
| 245 | |a Comisión Nacional de Mercadeo Agropecuario | ||
| 260 | |a San José: |b La Oficina | ||
| 300 | |a 6 p. | ||
| 999 | |c 10398 |d 10398 | ||
